Online
Catalog

Dualidad del Padre Billini : (Record no. 28101)

MARC details
000 -CABECERA
campo de control de longitud fija 00908nam a2200265 i 4500
001 - NÚMERO DE CONTROL
campo de control 000028609
003 - IDENTIFICADOR DEL NÚMERO DE CONTROL
campo de control DO-SdBNP
005 - FECHA Y HORA DE LA ÚLTIMA TRANSACCIÓN
campo de control 20230906144711.0
007 - CAMPO FIJO DE DESCRIPCIÓN FÍSICA--INFORMACIÓN GENERAL
campo de control de longitud fija ta
008 - DATOS DE LONGITUD FIJA--INFORMACIÓN GENERAL
campo de control de longitud fija 110411s1939 dr c r 000 0bspa d
040 ## - FUENTE DE LA CATALOGACIÓN
Centro catalogador/agencia de origen DO-SdBNP
Lengua de catalogación spa
Centro/agencia transcriptor BNPHU
Normas de descripción rda
082 #4 - NÚMERO DE LA CLASIFICACIÓN DECIMAL DEWEY
Número de clasificación 922.27293
Número de documento/Ítem B598C
Número de edición 22
100 1# - ENTRADA PRINCIPAL--NOMBRE DE PERSONA
Nombre de persona Cuello Correa, Rafael,
9 (RLIN) 55563
Término indicativo de función/relación autor
245 10 - MENCIÓN DE TÍTULO
Título Dualidad del Padre Billini :
Resto del título sacerdote y filántropo-educador /
Mención de responsabilidad, etc. Rafael Cuello Correa.
264 ## - PRODUCCIÓN, PUBLICACIÓN, DISTRIBUCIÓN, FABRICACIÓN Y COPYRIGHT
Producción, publicación, distribución, fabricación y copyright Santiago, República Dominicana :
Nombre del de productor, editor, distribuidor, fabricante La información,
Fecha de producción, publicación, distribución, fabricación o copyright 1939.
300 ## - DESCRIPCIÓN FÍSICA
Extensión 29 páginas :
Otras características físicas retratos ;
Dimensiones 17 cm.
336 ## - TIPO DE CONTENIDO
Fuente rdacontent
Término de tipo de contenido texto
Código de tipo de contenido txt
337 ## - TIPO DE MEDIO
Fuente rdamedia
Nombre/término del tipo de medio sin medición
Código del tipo de medio nc
338 ## - TIPO DE SOPORTE
Fuente rdacarrier
Nombre/término del tipo de soporte volumen
Código del tipo de soporte n
590 ## - NOTA LOCAL (RLIN)
Nota local Inventariado, 2018/BT
600 14 - PUNTO DE ACCESO ADICIONAL DE MATERIA--NOMBRE DE PERSONA
Nombre de persona Billimi, Francisco Javier,
Fechas asociadas al nombre 1837-1890
9 (RLIN) 55564
651 #4 - PUNTO DE ACCESO ADICIONAL DE MATERIA--NOMBRE GEOGRÁFICO
Nombre geográfico República Dominicana
Subdivisión general Biografías
9 (RLIN) 1325
910 ## - DATOS DE OPCIÓN DEL USUARIO (OCLC)
Datos de opción del usuario Validado. Control de calidad MFF
942 ## - ELEMENTOS DE PUNTO DE ACCESO ADICIONAL (KOHA)
Fuente del sistema de clasificación o colocación Dewey Decimal Classification
Tipo de ítem Koha Folleto
Holdings
Estado de retiro Estado de pérdida Fuente del sistema de clasificación o colocación Restricciones de uso No para préstamo Código de colección Localización permanente Ubicación/localización actual Ubicación en estantería Fecha de adquisición Total de préstamos Signatura topográfica completa Código de barras Fecha visto por última vez Número de copia Precio válido a partir de Tipo de ítem Koha Fuente de adquisición Nota pública
    Dewey Decimal Classification Préstamo en sala   Dominicana Folletos Raros y Valiosos Biblioteca Nacional Pedro Henríquez Ureña Biblioteca Nacional Pedro Henríquez Ureña Depósito 24.08.2018   BNPHU RV-DS 922.27293 B598C 28609-30 25.06.2020 e. 3 25.06.2020 Folleto    
    Dewey Decimal Classification Préstamo en sala   Dominicana Folletos Raros y Valiosos Biblioteca Nacional Pedro Henríquez Ureña Biblioteca Nacional Pedro Henríquez Ureña Depósito 30.08.2018   BNPHU RV-DS 922.27293 B598C 28609-40 25.06.2020 e. 4 25.06.2020 Folleto    
    Dewey Decimal Classification Excluido de préstamo   Patrimonio Dominicano Raros y Valiosos Biblioteca Nacional Pedro Henríquez Ureña Biblioteca Nacional Pedro Henríquez Ureña Depósito 11.04.2011   BNPHU RV-PD 922.27293 B598C 28609-10 25.06.2020   25.06.2020 Folleto    
    Dewey Decimal Classification Excluido de préstamo   Patrimonio Dominicano Raros y Valiosos Biblioteca Nacional Pedro Henríquez Ureña Biblioteca Nacional Pedro Henríquez Ureña Depósito 13.04.2011   BNPHU RV-PD 922.27293 B598C 28609-20 25.06.2020 e. 2 25.06.2020 Folleto    
    Dewey Decimal Classification Préstamo en sala   Dominicana Folletos Raros y Valiosos Biblioteca Nacional Pedro Henríquez Ureña Biblioteca Nacional Pedro Henríquez Ureña Depósito 06.09.2023   BNPHU RV-DS 922.27293 B598C 28609-50 06.09.2023 e.5 06.09.2023 Folleto Donación Perteneció a la biblioteca personal de Bárbara Suncar.

Powered by Koha